000 00573nam a22001817a 4500
999 _c189452
_d189452
005 20220701114503.0
010 _aENG-133314
020 _a9788193356302
_c880.00
035 _aEN-116846
037 _bDBAD/PUB
082 _a790.20954
100 _aSrinivasan, Richa
245 _aIndian Performing Arts/
_cRicha Srinivasan
260 _aDelhi
_bIshwar Books
_c2018
270 _bDelhi
_aB-29, Arya Nagar CGHS Ltd. Plot No. 91, Ip Extension Patparganj
_e110092
_mishwarbooks@gmail.com
300 _a232p.
_c22cm(hb)
942 _2ddc
_cEN
_h790.20954
_mSRI